Boost to dairy industry. (Record no. 61812)

MARC details
000 -LEADER
fixed length control field 00835cam a2200205 4500
001 - CONTROL NUMBER
control field WB3538-31
008 - FIXED-LENGTH DATA ELEMENTS--GENERAL INFORMATION
fixed length control field 000000n1999 000 0 eng u
035 ## - SYSTEM CONTROL NUMBER
System control number (Sirsi) u102840
245 ## - TITLE STATEMENT
Title Boost to dairy industry.
260 ## - PUBLICATION, DISTRIBUTION, ETC.
Date of publication, distribution, etc. 1999
490 ## - SERIES STATEMENT
Series statement DTI News Release
Volume/sequential designation (756) 21 September 1999
490 ## - SERIES STATEMENT
Series statement Farmers' Weekly
Volume/sequential designation 131(13) 24 September 1999, 23(4)
520 ## - SUMMARY, ETC.
Summary, etc. The Secretary of State for Trade and Industry has welcomed the announcement from Milk Marque that it will divide into three separate trading bodies, suggesting that the proposal will lead to a strong competitive market. Others in the industry have been more muted in their response.
650 ## - SUBJECT ADDED ENTRY--TOPICAL TERM
Topical term or geographic name entry element DAIRY INDUSTRY
650 ## - SUBJECT ADDED ENTRY--TOPICAL TERM
Topical term or geographic name entry element DAIRY FARMING
650 ## - SUBJECT ADDED ENTRY--TOPICAL TERM
Topical term or geographic name entry element MONOPOLIES AND MERGERS COMMISSION
650 ## - SUBJECT ADDED ENTRY--TOPICAL TERM
Topical term or geographic name entry element AGRICULTURE
690 ## - LOCAL SUBJECT ADDED ENTRY--TOPICAL TERM (OCLC, RLIN)
Topical term or geographic name as entry element RURAL PRACTICE
942 ## - ADDED ENTRY ELEMENTS (KOHA)
Suppress in OPAC 0
Holdings
Withdrawn status Lost status Source of classification or shelving scheme Damaged status Not for loan Home library Current library Shelving location Date acquired Total Checkouts Full call number Barcode Date last seen Copy number Price effective from Koha item type
    Dewey Decimal Classification     London London News article 25/11/1999   WB3538-31 102840-1001 06/08/2019 1 06/08/2019 News article